Emirates of the UAE - Statistics

General Stats
  • This quiz has been taken 67 times
  • The average score is 5 of 7
Answer Stats
First
Letter
Emirates % Correct
A Abu Dhabi
100%
D Dubai
94%
S Sharjah
76%
A Ajman
65%
F Fujairah
65%
R Ras Al Khaimah
53%
U Umm Al Quwain
35%
No matching quizzes found
Score Distribution
Percent of People with Each Score
Percentile by Number Answered
Your Score History
You have not taken this quiz